000 00678nam a2200205Ia 4500
001 22044
003 GE_BSU
008 181216s||||||||xx |||||||||||||| ||und||
040 _cGE_BSU
245 _aПсихологический журнал. Том 38, №6. Ноябрь-Декабрь. 2017.
245 _cГл. ред.РАН А.Л. Журавлев и др.
260 _aМосква
260 _bНаука
260 _c2017
300 _a128 стр. 29см.
653 _aПериодика
653 _aПсихологический журнал. Том 38, №5. Сентябрь-Октябрь. 2017.
653 _aპერიოდიკა
942 _cCR
999 _c54973
_d54973